000 00893nam a22002297a 4500
005 20120903143841.0
008 120903t xxu||||| |||| 00| 0 eng d
010 _aENG-105772
020 _a9788178797113
_c800.00
035 _aEN-89305
037 _bDBAD/PUB
040 _aDPL
_bEnglish
082 _a371.9114
245 _aAdaptive physical education :
_bmaking ability count /
_cedited and compiled by R.W. Gopalakrishnan
260 _aNew Delhi
_bSports Publication
_c2012
270 _a7/26, Ground Floor, Ansari Road, Darya Ganj
_bNew Delhi
_e110002
300 _a296p.
_c23cm(Hb)
500 _aIncludes bibliographical references
700 _aGopalakrishnan, R.W.
_951968
942 _2ddc
_cEN
_h371.9114
_mADA
999 _c69660
_d69660